[Event "1. Bl. 0607"]
[Site "?"]
[Date "2007.01.18"]
[Round "4.3"]
[White "Polzin, Rainer"]
[Black "Shengelia, Davit"]
[Result "0-1"]
[WhiteElo "2470"]
[BlackElo "2523"]
[PlyCount "58"]
[EventDate "2006.11.03"]
[EventType "team"]
[EventRounds "11"]
[EventCountry "AUT"]
[WhiteTeam "ASVOe Wulkaprodersdorf"]
[BlackTeam "Styria Graz   KlZeitung"]

1. e4 Nf6 2. e5 Nd5 3. d4 d6 4. c4 Nb6 5. exd6 exd6 6. Nc3 Be7 7. Bd3 O-O 8.
Nge2 Bg4 9. Qc2 g6 10. f3 Bh4+ 11. Ng3 Re8+ 12. Nce2 Bd7 13. Bd2 Nc6 14. Bc3 a5
15. a3 d5 16. b3 a4 17. c5 axb3 18. Qxb3 Nc4 19. O-O Ne3 20. Rfb1 Rb8 21. Qa2
Qf6 22. Qd2 Bh3 23. gxh3 Qxf3 24. Nc1 Bxg3 25. hxg3 Qxg3+ 26. Kh1 Qxh3+ 27. Kg1
Qg3+ 28. Kh1 Re6 29. Nb3 g5 0-1

[Event "1. Bl. 0607"]
[Site "?"]
[Date "2007.01.18"]
[Round "4.5"]
[White "Schweda, Roland"]
[Black "Wittmann, Walter"]
[Result "1-0"]
[WhiteElo "2436"]
[BlackElo "2316"]
[PlyCount "99"]
[EventDate "2006.11.03"]
[EventType "team"]
[EventRounds "11"]
[EventCountry "AUT"]
[WhiteTeam "ASVOe Wulkaprodersdorf"]
[BlackTeam "Styria Graz   KlZeitung"]

1. d4 d5 2. Nf3 Nf6 3. Bf4 c6 4. e3 Qb6 5. Qc1 Bf5 6. c4 e6 7. Nc3 h6 8. h3
Nbd7 9. a3 Be7 10. b4 a6 11. Be2 Ne4 12. O-O g5 13. Be5 Rg8 14. cxd5 exd5 15.
Nxe4 Bxe4 16. Nd2 Nxe5 17. Nxe4 dxe4 18. dxe5 Qc7 19. Qb2 Bf8 20. e6 Bg7 21.
Qb3 Bxa1 22. exf7+ Qxf7 23. Bc4 Qf6 24. Bxg8 O-O-O 25. Bh7 Be5 26. Bxe4 Bc7 27.
g3 h5 28. Rd1 Rf8 29. Qc2 Qe5 30. Bg2 h4 31. g4 Qh2+ 32. Kf1 Bb6 33. Rd3 Kb8
34. a4 Qe5 35. Qc3 Qg3 36. Qd2 Qe5 37. Qc3 Qg3 38. Qd2 Qe5 39. Kg1 Bc7 40. Qc3
Qh2+ 41. Kf1 Rd8 42. b5 cxb5 43. Rxd8+ Bxd8 44. axb5 a5 45. f4 gxf4 46. Qe5+
Ka7 47. exf4 Bb6 48. Qe4 Qg1+ 49. Ke2 Qf2+ 50. Kd3 1-0

[Event "1. Bl. 0607"]
[Site "?"]
[Date "2007.01.18"]
[Round "4.6"]
[White "Danner, Georg"]
[Black "Volkmann, Friedrich Karl"]
[Result "1-0"]
[WhiteElo "2421"]
[BlackElo "2418"]
[PlyCount "81"]
[EventDate "2006.11.03"]
[EventType "team"]
[EventRounds "11"]
[EventCountry "AUT"]
[WhiteTeam "Styria Graz   KlZeitung"]
[BlackTeam "ASVOe Wulkaprodersdorf"]

1. d4 d5 2. Nf3 Nf6 3. c4 c6 4. e3 g6 5. Nc3 Bg7 6. Bd3 O-O 7. O-O Bg4 8. h3
Bxf3 9. Qxf3 e6 10. Rd1 Nbd7 11. b3 Re8 12. Bb2 Qe7 13. Bf1 Rad8 14. Rd2 dxc4
15. bxc4 e5 16. Qd1 exd4 17. exd4 Ne4 18. Nxe4 Qxe4 19. Qa4 Nc5 20. Qxa7 Ne6
21. Re2 Qf4 22. Rd1 c5 23. d5 Qc7 24. Bxg7 Nxg7 25. Rb1 Rxe2 26. Bxe2 Nf5 27.
Rxb7 Qe5 28. Bf1 Re8 29. Rxf7 Qa1 30. Rb7 Qe5 31. Qxc5 Nd6 32. Rd7 Ne4 33. Qa7
Nd2 34. Qe3 Qxe3 35. fxe3 Rxe3 36. Kf2 Ra3 37. Re7 Rxa2 38. Re2 Kf7 39. Ke1
Ra1+ 40. Kxd2 Rxf1 41. Kd3 1-0

[Event "1. Bl. 0607"]
[Site "?"]
[Date "2007.01.18"]
[Round "4.1"]
[White "Rotstein, Arkadij"]
[Black "Gyimesi, Zoltan"]
[Result "0-1"]
[WhiteElo "2545"]
[BlackElo "2611"]
[PlyCount "119"]
[EventDate "2006.11.03"]
[EventType "team"]
[EventRounds "11"]
[EventCountry "AUT"]
[WhiteTeam "SV Tschaturanga Neubau"]
[BlackTeam "Union Ansfelden"]

1. c4 e5 2. g3 c6 3. d4 Bb4+ 4. Bd2 Bxd2+ 5. Qxd2 d6 6. Bg2 Nf6 7. Nc3 Qe7 8.
e4 O-O 9. Nge2 Nbd7 10. O-O a6 11. b3 b5 12. c5 dxc5 13. dxe5 Nxe5 14. Rad1 Bh3
15. f4 Bxg2 16. Kxg2 Rad8 17. Qe3 Nfg4 18. Qg1 b4 19. h3 bxc3 20. Nxc3 Nf6 21.
fxe5 Qxe5 22. Qe3 Rxd1 23. Rxd1 Re8 24. Rd3 g6 25. Qf4 Qxf4 26. gxf4 Nxe4 27.
Nxe4 Rxe4 28. Kf3 Rd4 29. Rc3 Rd5 30. Ke3 Kg7 31. Rc4 Rh5 32. Ke4 Kf6 33. h4
Rd5 34. Rc3 Ke6 35. Rc2 Rd4+ 36. Ke3 Rd5 37. Rc4 Rh5 38. Ra4 Kd5 39. Rxa6 Rxh4
40. Ra7 Rh3+ 41. Kf2 f5 42. Kg2 Rc3 43. Rxh7 Rc2+ 44. Kf3 Rxa2 45. Rd7+ Ke6 46.
Rd3 Rc2 47. Re3+ Kf6 48. Rd3 Ke6 49. Re3+ Kf7 50. Rd3 c4 51. bxc4 Rxc4 52. Kg3
Kg7 53. Rd7+ Kh6 54. Rd8 c5 55. Rh8+ Kg7 56. Rc8 Rc1 57. Rc6 c4 58. Kh4 Kf7 59.
Kg5 Rg1+ 60. Kh6 0-1

[Event "1. Bl. 0607"]
[Site "?"]
[Date "2007.01.18"]
[Round "4.4"]
[White "Weiss, Christian"]
[Black "Lenz, Alarich"]
[Result "1-0"]
[WhiteElo "2469"]
[BlackElo "2213"]
[PlyCount "81"]
[EventDate "2006.11.03"]
[EventType "team"]
[EventRounds "11"]
[EventCountry "AUT"]
[WhiteTeam "Union Ansfelden"]
[BlackTeam "SV Tschaturanga Neubau"]

1. d4 Nf6 2. Nf3 e6 3. g3 b6 4. Bg2 Bb7 5. O-O Be7 6. c4 O-O 7. Qc2 d5 8. cxd5
exd5 9. Nc3 Na6 10. Bf4 c6 11. Rad1 Nc7 12. Be5 Ne6 13. Rfe1 Rc8 14. Bh3 g6 15.
Qd2 Re8 16. Ng5 Nxg5 17. Qxg5 Ne4 18. Qc1 f5 19. Nxe4 dxe4 20. g4 fxg4 21. Bxg4
Qd5 22. Qh6 Bf8 23. Qf4 Bg7 24. Bxg7 Kxg7 25. Bxc8 Bxc8 26. Rc1 Bh3 27. Rc3 e3
28. f3 Rf8 29. Qe5+ Qxe5 30. dxe5 Rf5 31. Kh1 Rxe5 32. Rxc6 Rg5 33. Rg1 Rd5 34.
Rc3 Re5 35. Rc7+ Kh6 36. Rxa7 Rb5 37. b3 Rc5 38. Re7 Rc3 39. f4 Rc2 40. Rxe3
Bd7 41. Kg2 1-0

[Event "1. Bl. 0607"]
[Site "?"]
[Date "2007.01.18"]
[Round "4.5"]
[White "Zsifkovits, Robert"]
[Black "Stanec, Nikolaus"]
[Result "0-1"]
[WhiteElo "2172"]
[BlackElo "2504"]
[PlyCount "110"]
[EventDate "2006.11.03"]
[EventType "team"]
[EventRounds "11"]
[EventCountry "AUT"]
[WhiteTeam "SV Tschaturanga Neubau"]
[BlackTeam "Union Ansfelden"]

1. e4 c5 2. Nf3 Nc6 3. d4 cxd4 4. Nxd4 Nf6 5. Nc3 d6 6. Bc4 e6 7. Be3 Be7 8.
Qe2 O-O 9. O-O-O a6 10. g4 Nxd4 11. Bxd4 b5 12. Bb3 b4 13. Na4 Bd7 14. g5 Bb5
15. Qf3 Nd7 16. c4 Bc6 17. Bc2 Bxg5+ 18. Kb1 e5 19. Be3 Bxe3 20. Qxe3 Qc7 21.
Rhg1 f6 22. Rd2 Bxa4 23. Bxa4 Nc5 24. Bc2 a5 25. f3 a4 26. Bd1 Ne6 27. Be2 Kh8
28. Rc1 Rad8 29. Rd5 Nc5 30. h4 f5 31. Rcd1 fxe4 32. fxe4 h6 33. Bg4 b3 34. a3
Nb7 35. Qc3 Rf2 36. Qb4 Ra8 37. Bf5 Rh2 38. Rc1 Rxh4 39. Qe1 Qe7 40. Rd2 Rh5
41. Rg2 Nc5 42. Qe3 Rg5 43. Rh2 Kg8 44. Qd2 Rf8 45. Qd5+ Kh8 46. Rch1 Qf6 47.
Qd2 Rd8 48. Qa5 Qe7 49. Qd2 Kg8 50. Qe2 Ne6 51. Bxe6+ Qxe6 52. Qd3 Rf8 53. Qc3
Qg6 54. Re1 Rg1 55. Rhe2 Rff1 0-1

[Event "1. Bl. 0607"]
[Site "?"]
[Date "2007.01.19"]
[Round "5.1"]
[White "Gyimesi, Zoltan"]
[Black "Dizdar, Goran"]
[Result "1/2-1/2"]
[WhiteElo "2611"]
[BlackElo "2541"]
[PlyCount "46"]
[EventDate "2006.11.03"]
[EventType "team"]
[EventRounds "11"]
[EventCountry "AUT"]
[WhiteTeam "Union Ansfelden"]
[BlackTeam "SpG Absam / ISK"]

1. d4 d5 2. c4 e6 3. Nf3 Nf6 4. Nc3 Bb4 5. cxd5 exd5 6. Bg5 h6 7. Bh4 g5 8. Bg3
Ne4 9. Nd2 Nxg3 10. hxg3 c6 11. Qc2 Be6 12. e3 Nd7 13. Bd3 Qe7 14. O-O-O Nb6
15. Kb1 O-O-O 16. a3 Bd6 17. Nb5 Bb8 18. Nb3 Nc4 19. Nc3 Bd6 20. Nc1 Kb8 21.
Bxc4 dxc4 22. N1e2 f5 23. Rd2 Qf7 1/2-1/2

[Event "1. Bl. 0607"]
[Site "?"]
[Date "2007.01.19"]
[Round "5.4"]
[White "Duer, Werner"]
[Black "Weiss, Christian"]
[Result "1/2-1/2"]
[WhiteElo "2265"]
[BlackElo "2469"]
[PlyCount "55"]
[EventDate "2006.11.03"]
[EventType "team"]
[EventRounds "11"]
[EventCountry "AUT"]
[WhiteTeam "SpG Absam / ISK"]
[BlackTeam "Union Ansfelden"]

1. d4 Nf6 2. Nf3 g6 3. c3 Bg7 4. Bg5 O-O 5. Nbd2 d5 6. e3 Nbd7 7. Be2 c5 8. O-O
Re8 9. b4 cxb4 10. cxb4 Nb6 11. a4 Bf5 12. a5 Nc8 13. Qb3 h6 14. Bf4 Nd6 15.
Rfc1 g5 16. Be5 e6 17. a6 bxa6 18. Rxa6 Nfe4 19. Nxe4 Nxe4 20. Bxg7 Kxg7 21.
Ne5 g4 22. Qa4 Qh4 23. g3 Qf6 24. Rc7 Rec8 25. Rac6 Rxc7 26. Rxc7 Ng5 27. Nd7
Qe7 28. Qa5 1/2-1/2

[Event "1. Bl. 0607"]
[Site "?"]
[Date "2007.01.19"]
[Round "5.5"]
[White "Stanec, Nikolaus"]
[Black "Gerhold, Michael"]
[Result "1/2-1/2"]
[WhiteElo "2504"]
[BlackElo "2218"]
[PlyCount "47"]
[EventDate "2006.11.03"]
[EventType "team"]
[EventRounds "11"]
[EventCountry "AUT"]
[WhiteTeam "Union Ansfelden"]
[BlackTeam "SpG Absam / ISK"]

1. c4 Nf6 2. Nf3 c6 3. Nc3 d5 4. e3 e6 5. b3 Nbd7 6. Bb2 Bd6 7. d4 O-O 8. Be2
Qe7 9. O-O Ne4 10. Nxe4 dxe4 11. Ne5 Qg5 12. Nxd7 Bxd7 13. c5 Bc7 14. f4 exf3
15. Rxf3 e5 16. dxe5 Bxe5 17. Qxd7 Bxb2 18. Raf1 Qxc5 19. Bc4 Bf6 20. Qxb7 Rae8
21. Kh1 Re7 22. Qa6 Rd8 23. Rf5 Qb6 24. R5f3 1/2-1/2

[Event "1. Bl. 0607"]
[Site "?"]
[Date "2007.01.19"]
[Round "5.3"]
[White "Shengelia, Davit"]
[Black "Schwaninger, Wolfgang"]
[Result "1-0"]
[WhiteElo "2523"]
[BlackElo "2210"]
[PlyCount "51"]
[EventDate "2006.11.03"]
[EventType "team"]
[EventRounds "11"]
[EventCountry "AUT"]
[WhiteTeam "Styria Graz   KlZeitung"]
[BlackTeam "SV Tschaturanga Neubau"]

1. d4 g6 2. e4 d6 3. g3 Bg7 4. Bg2 c6 5. Nc3 Qb6 6. Nge2 Nd7 7. O-O Ngf6 8. h3
e6 9. d5 exd5 10. exd5 c5 11. g4 O-O 12. Ng3 Ne5 13. a4 a6 14. a5 Qc7 15. Qe2
h6 16. f4 Nexg4 17. hxg4 Nxg4 18. f5 Bd4+ 19. Kh1 h5 20. Nce4 Bd7 21. Bh3 Kg7
22. Bxg4 hxg4 23. f6+ Bxf6 24. Nxf6 Rh8+ 25. Kg2 Rh3 26. Qe7 1-0

[Event "1. Bl. 0607"]
[Site "?"]
[Date "2007.01.19"]
[Round "5.4"]
[White "Kreindl, Helmut"]
[Black "Balinov, Ilija"]
[Result "0-1"]
[WhiteElo "2205"]
[BlackElo "2516"]
[PlyCount "70"]
[EventDate "2006.11.03"]
[EventType "team"]
[EventRounds "11"]
[EventCountry "AUT"]
[WhiteTeam "SV Tschaturanga Neubau"]
[BlackTeam "Styria Graz   KlZeitung"]

1. d4 c5 2. e3 cxd4 3. exd4 d5 4. c3 Bf5 5. Qb3 Qd7 6. Nf3 Nc6 7. Bf4 f6 8. Be2
g5 9. Bg3 h5 10. h4 g4 11. Nfd2 Nh6 12. Nf1 e5 13. Ne3 O-O-O 14. Na3 exd4 15.
cxd4 Bb4+ 16. Kf1 Bd6 17. Qxd5 Bxg3 18. Qxd7+ Rxd7 19. d5 Nb4 20. fxg3 Re8 21.
Kf2 Bd3 22. Rac1+ Kd8 23. Bd1 Rde7 24. Re1 Bh7 25. Rc3 Nxd5 26. Rb3 Nf5 27.
Nac2 Ndxe3 28. Nxe3 Nd4 29. Rb4 Nf5 30. Rb3 Nd6 31. Bc2 Bxc2 32. Nxc2 Rxe1 33.
Nxe1 Ne4+ 34. Kg1 Nc5 35. Rc3 Rxe1+ 0-1

[Event "1. Bl. 0607"]
[Site "?"]
[Date "2007.01.19"]
[Round "5.5"]
[White "Wittmann, Walter"]
[Black "Zsifkovits, Robert"]
[Result "1-0"]
[WhiteElo "2316"]
[BlackElo "2172"]
[PlyCount "65"]
[EventDate "2006.11.03"]
[EventType "team"]
[EventRounds "11"]
[EventCountry "AUT"]
[WhiteTeam "Styria Graz   KlZeitung"]
[BlackTeam "SV Tschaturanga Neubau"]

1. e4 e5 2. Nf3 Nf6 3. Nxe5 d6 4. Nf3 Nxe4 5. d4 d5 6. Bd3 Nc6 7. O-O Be7 8. c4
Nb4 9. cxd5 Nxd3 10. Qxd3 Qxd5 11. Re1 Bf5 12. Ne5 g6 13. Nc3 Nxc3 14. Qxc3
O-O-O 15. Bf4 Bd6 16. Bg5 Rde8 17. Bf6 Rhg8 18. Nc4 Bd7 19. Nxd6+ Qxd6 20. Be5
Qc6 21. Qg3 Qb6 22. Rec1 c6 23. d5 Re7 24. dxc6 Bxc6 25. b4 Re6 26. Bd6 a6 27.
a4 Rd8 28. Bc5 Qc7 29. b5 Qxg3 30. hxg3 axb5 31. axb5 Bxb5 32. Bb6+ Kd7 33.
Rd1+ 1-0

[Event "1. Bl. 0607"]
[Site "?"]
[Date "2007.01.19"]
[Round "5.6"]
[White "Petschar, Hans"]
[Black "Danner, Georg"]
[Result "0-1"]
[WhiteElo "2109"]
[BlackElo "2421"]
[PlyCount "82"]
[EventDate "2006.11.03"]
[EventType "team"]
[EventRounds "11"]
[EventCountry "AUT"]
[WhiteTeam "SV Tschaturanga Neubau"]
[BlackTeam "Styria Graz   KlZeitung"]

1. Nf3 d6 2. d3 g6 3. g3 Bg7 4. Bg2 e5 5. c4 Ne7 6. Nc3 c5 7. O-O Nbc6 8. Ne1
a6 9. Nc2 Rb8 10. Nd5 Nxd5 11. cxd5 Nd4 12. b4 Nxc2 13. Qxc2 cxb4 14. Qa4+ b5
15. Qxb4 a5 16. Qc3 O-O 17. Be3 Bd7 18. Rfc1 Rb7 19. d4 b4 20. Qb2 Qe7 21. Rc4
Re8 22. Re1 Bb5 23. Rc2 exd4 24. Bxd4 Bxd4 25. Qxd4 Qe5 26. Qxe5 Rxe5 27. e4
Re8 28. f4 a4 29. e5 b3 30. axb3 axb3 31. Rb2 Bd3 32. Be4 Bc4 33. Rc1 Rb4 34.
Bf3 dxe5 35. fxe5 Rxe5 36. d6 Be6 37. Rc3 Rd4 38. Rc6 Rf5 39. Kg2 Rxf3 40. Kxf3
Bd5+ 41. Ke3 Re4+ 0-1

[Event "1. Bl. 0607"]
[Site "?"]
[Date "2007.01.19"]
[Round "5.1"]
[White "Bischoff, Klaus"]
[Black "Kalod, Radek"]
[Result "1/2-1/2"]
[WhiteElo "2532"]
[BlackElo "2475"]
[PlyCount "34"]
[EventDate "2006.11.03"]
[EventType "team"]
[EventRounds "11"]
[EventCountry "AUT"]
[WhiteTeam "SC Die Klagenfurter"]
[BlackTeam "ASVOe Wulkaprodersdorf"]

1. Nf3 Nf6 2. c4 g6 3. Nc3 Bg7 4. e4 c5 5. d4 cxd4 6. Nxd4 O-O 7. Be2 Nc6 8.
Nc2 d6 9. O-O Nd7 10. Bd2 Nc5 11. b3 b6 12. f3 Bb7 13. Rc1 a6 14. Kh1 Rc8 15.
Be1 Bh6 16. Bd2 Bg7 17. Be1 Bh6 1/2-1/2

[Event "1. Bl. 0607"]
[Site "?"]
[Date "2007.01.19"]
[Round "5.2"]
[White "Likavsky, Tomas"]
[Black "Horvath, Csaba"]
[Result "1/2-1/2"]
[WhiteElo "2492"]
[BlackElo "2538"]
[PlyCount "33"]
[EventDate "2006.11.03"]
[EventType "team"]
[EventRounds "11"]
[EventCountry "AUT"]
[WhiteTeam "ASVOe Wulkaprodersdorf"]
[BlackTeam "SC Die Klagenfurter"]

1. d4 d5 2. c4 e6 3. Nf3 Nf6 4. g3 Bb4+ 5. Bd2 Be7 6. Bg2 O-O 7. O-O Nbd7 8.
Qb3 Nb6 9. c5 Nc4 10. Bf4 b6 11. Ne5 Nxe5 12. dxe5 Nd7 13. c6 Nc5 14. Qc2 a5
15. Nc3 Qe8 16. Rfd1 Ba6 17. e4 1/2-1/2

[Event "1. Bl. 0607"]
[Site "?"]
[Date "2007.01.19"]
[Round "5.4"]
[White "Sommerbauer, Norbert"]
[Black "Pilaj, Herwig"]
[Result "1/2-1/2"]
[WhiteElo "2463"]
[BlackElo "2373"]
[PlyCount "41"]
[EventDate "2006.11.03"]
[EventType "team"]
[EventRounds "11"]
[EventCountry "AUT"]
[WhiteTeam "ASVOe Wulkaprodersdorf"]
[BlackTeam "SC Die Klagenfurter"]

1. c4 c5 2. Nf3 Nc6 3. Nc3 e5 4. e3 Nf6 5. d4 cxd4 6. exd4 e4 7. Ng5 Bb4 8. d5
Ne5 9. Qd4 d6 10. Ngxe4 Nxe4 11. Qxe4 O-O 12. Be2 g6 13. O-O Bf5 14. Qf4 Rc8
15. Nb5 Re8 16. a3 Bc5 17. b4 Bd3 18. Ra2 Bb6 19. Bxd3 Nxd3 20. Qxd6 Rxc4 21.
Be3 1/2-1/2

[Event "1. Bl. 0607"]
[Site "?"]
[Date "2007.01.19"]
[Round "5.5"]
[White "Moser, Guenter"]
[Black "Schweda, Roland"]
[Result "1/2-1/2"]
[WhiteElo "2369"]
[BlackElo "2436"]
[PlyCount "94"]
[EventDate "2006.11.03"]
[EventType "team"]
[EventRounds "11"]
[EventCountry "AUT"]
[WhiteTeam "SC Die Klagenfurter"]
[BlackTeam "ASVOe Wulkaprodersdorf"]

1. d4 Nf6 2. c4 d6 3. Nc3 Nbd7 4. e4 e5 5. Be3 exd4 6. Bxd4 Be7 7. Bd3 Ne5 8.
Nge2 O-O 9. O-O c6 10. b3 Nfg4 11. h3 c5 12. hxg4 cxd4 13. Nxd4 Bxg4 14. Be2
Bf6 15. Bxg4 Nxg4 16. Qxg4 Bxd4 17. Rac1 Qa5 18. Nd5 Qxa2 19. Qd1 Bb6 20. Nxb6
axb6 21. Rc3 Qa3 22. Rd3 b5 23. Rxd6 bxc4 24. bxc4 Rac8 25. Rd7 Rxc4 26. Qd5 b5
27. Qxb5 Rxe4 28. Qb7 Re2 29. Qc7 g6 30. Qf4 Qc3 31. g3 Re5 32. Qf6 Qc5 33. Rd8
Rxd8 34. Qxd8+ Kg7 35. Rd1 Re4 36. Qd5 Qe7 37. Kg2 h5 38. Rd4 Re5 39. Qf3 Qe6
40. Rf4 g5 41. Rd4 g4 42. Qc3 Qf6 43. Rf4 Rf5 44. Qxf6+ Kxf6 45. Ra4 Kg5 46.
Ra8 Rf6 47. Ra5+ Kh6 1/2-1/2

[Event "1. Bl. 0607"]
[Site "?"]
[Date "2007.01.19"]
[Round "5.2"]
[White "Korneev, Oleg"]
[Black "Bokros, Albert"]
[Result "1-0"]
[WhiteElo "2606"]
[BlackElo "2465"]
[PlyCount "120"]
[EventDate "2006.11.03"]
[EventType "team"]
[EventRounds "11"]
[EventCountry "AUT"]
[WhiteTeam "SpG Holz Dohr   Semriach"]
[BlackTeam "SK Leoben"]

1. e4 c5 2. Nf3 e6 3. d4 cxd4 4. Nxd4 Nf6 5. Nc3 Nc6 6. Ndb5 d6 7. Bf4 e5 8.
Bg5 a6 9. Na3 b5 10. Nd5 Be7 11. Bxf6 Bxf6 12. c4 b4 13. Nc2 a5 14. g3 O-O 15.
h4 Be6 16. Bh3 Rb8 17. b3 Kh8 18. Kf1 Qd7 19. Kg2 Bd8 20. Qd3 Qb7 21. Rad1 Bb6
22. Nxb6 Qxb6 23. Rd2 Rbd8 24. h5 h6 25. Bf5 Qb7 26. Qf3 Qe7 27. Qg4 Nb8 28.
Rhd1 Na6 29. Ne1 Nc5 30. Nf3 Bxf5 31. Qxf5 a4 32. bxa4 Nxa4 33. Nh4 Nc3 34. Re1
Ra8 35. Qf3 Qg5 36. Rxd6 Kg8 37. Nf5 Rxa2 38. c5 Rd2 39. Ra1 Rxd6 40. cxd6 g6
41. Ne7+ Kg7 42. Qd3 Qg4 43. f3 Qd7 44. Ra6 Qb5 45. Qxb5 Nxb5 46. Rb6 Nd4 47.
Rxb4 Rd8 48. hxg6 fxg6 49. Rb7 Kf6 50. Nd5+ Ke6 51. Rg7 Kxd6 52. Rxg6+ Kc5 53.
Rxh6 Ra8 54. Rf6 Ra2+ 55. Kh3 Rf2 56. Kg4 Rg2 57. Ne3 Rg1 58. Nf5 Rf1 59. Nxd4
exd4 60. e5 Kd5 1-0

[Event "1. Bl. 0607"]
[Site "?"]
[Date "2007.01.19"]
[Round "5.3"]
[White "Bachler, Reinhard"]
[Black "Baklan, Vladimir"]
[Result "0-1"]
[WhiteElo "2270"]
[BlackElo "2618"]
[PlyCount "52"]
[EventDate "2006.11.03"]
[EventType "team"]
[EventRounds "11"]
[EventCountry "AUT"]
[WhiteTeam "SK Leoben"]
[BlackTeam "SpG Holz Dohr   Semriach"]

1. f4 d5 2. Nf3 g6 3. c3 Bg7 4. d3 Nc6 5. Qc2 e5 6. fxe5 Nxe5 7. Bf4 Nxf3+ 8.
gxf3 d4 9. Nd2 Ne7 10. Bg5 h6 11. Bh4 O-O 12. Nb3 c5 13. Nxc5 Qc7 14. Bxe7 Qxe7
15. Nb3 Qh4+ 16. Kd1 dxc3 17. bxc3 Be6 18. Rc1 Rac8 19. Qb2 Rfd8 20. e3 Re8 21.
d4 Bxb3+ 22. axb3 Rxe3 23. Qd2 Qf4 24. Bg2 Rd8 25. Re1 Bxd4 26. cxd4 Rxd4 0-1

[Event "1. Bl. 0607"]
[Site "?"]
[Date "2007.01.19"]
[Round "5.4"]
[White "Kindermann, Stefan"]
[Black "Dietmayer Kraeutler, Marco"]
[Result "1-0"]
[WhiteElo "2532"]
[BlackElo "2262"]
[PlyCount "83"]
[EventDate "2006.11.03"]
[EventType "team"]
[EventRounds "11"]
[EventCountry "AUT"]
[WhiteTeam "SpG Holz Dohr   Semriach"]
[BlackTeam "SK Leoben"]

1. e4 e5 2. Nf3 Nc6 3. Bc4 Bc5 4. c3 Nf6 5. d3 a6 6. O-O d6 7. Bb3 Bg4 8. Nbd2
h6 9. Re1 O-O 10. h3 Bh5 11. Nf1 Re8 12. Ng3 Bg6 13. Nh4 Nxe4 14. Rxe4 Bxe4 15.
Qg4 Bxd3 16. Nh5 g5 17. Qf3 Kh8 18. Qxd3 gxh4 19. Qf5 Rg8 20. Bxh6 Qe7 21. Nf6
Rg6 22. Qh5 Qxf6 23. Bg5+ Kg7 24. Bxf6+ Rxf6 25. Qg5+ Rg6 26. Qxh4 Rh8 27. Qe4
Rxh3 28. Qf5 Rh7 29. Qxf7+ Kh6 30. Qf8+ Rhg7 31. Qh8+ Rh7 32. Qf8+ Rhg7 33. Bd5
Rg4 34. Qf6+ R7g6 35. Qh8+ Kg5 36. Rd1 Rf4 37. Rd2 Bb6 38. g3 Rg4 39. Kg2 e4
40. Re2 Kf5 41. Bxe4+ Rxe4 42. Qh5+ 1-0

[Event "1. Bl. 0607"]
[Site "?"]
[Date "2007.01.19"]
[Round "5.6"]
[White "Karner, Christoph"]
[Black "Sandner, Wolfgang"]
[Result "1-0"]
[WhiteElo "2319"]
[BlackElo "2234"]
[PlyCount "85"]
[EventDate "2006.11.03"]
[EventType "team"]
[EventRounds "11"]
[EventCountry "AUT"]
[WhiteTeam "SpG Holz Dohr   Semriach"]
[BlackTeam "SK Leoben"]

1. d4 f5 2. g3 Nf6 3. Bg2 g6 4. Nf3 Bg7 5. O-O d6 6. c4 c6 7. Nc3 Na6 8. Rb1
Nc7 9. b4 Be6 10. Qd3 Ne4 11. Bb2 O-O 12. Rbc1 d5 13. c5 Qe8 14. a4 a6 15. Ne5
Nxc3 16. Bxc3 Bxe5 17. dxe5 g5 18. f4 g4 19. h3 h5 20. Kf2 Kf7 21. Rh1 Rg8 22.
hxg4 hxg4 23. Rh5 Qd7 24. Rch1 Raf8 25. Bd4 Ke8 26. Qb1 Kd8 27. R1h2 Qe8 28. e3
Rh8 29. Qh1 Rxh5 30. Rxh5 Bg8 31. Bf1 Ne6 32. Bd3 Nxd4 33. exd4 Be6 34. Rh6 Kd7
35. Qh4 Rg8 36. Rh7 Kd8 37. Qh6 Qg6 38. Qxg6 Rxg6 39. Rh5 Kd7 40. Bxf5 Bxf5 41.
Rxf5 Rg8 42. Rg5 Rh8 43. f5 1-0

[Event "1. Bl. 0607"]
[Site "?"]
[Date "2007.01.19"]
[Round "5.2"]
[White "Schlosser, Philipp"]
[Black "Siebrecht, Sebastian"]
[Result "1-0"]
[WhiteElo "2562"]
[BlackElo "2457"]
[PlyCount "95"]
[EventDate "2006.11.03"]
[EventType "team"]
[EventRounds "11"]
[EventCountry "AUT"]
[WhiteTeam "SK Sparkasse Jenbach"]
[BlackTeam "SK Advisory Invest Baden"]

1. e4 c5 2. Nf3 e6 3. d4 cxd4 4. Nxd4 a6 5. c4 Nf6 6. Nc3 Bb4 7. Qc2 Qc7 8. a3
Bc5 9. Nb3 Be7 10. f4 d6 11. Be2 Nbd7 12. Be3 b6 13. O-O Bb7 14. Rac1 Rc8 15.
Qb1 Qb8 16. Nd2 h6 17. Kh1 g5 18. f5 h5 19. fxe6 fxe6 20. Bxg5 Ng4 21. Bf4 Nde5
22. h3 Qc7 23. b4 Bf6 24. Qb3 Qe7 25. Na4 b5 26. cxb5 Rxc1 27. Rxc1 axb5 28.
Bxb5+ Kf7 29. hxg4 hxg4+ 30. Kg1 Kg6 31. Rf1 Rh5 32. Be2 Bg7 33. Qg3 Kh7 34.
Be3 Bf6 35. Bxg4 Bh4 36. Qf4 Bg5 37. Bxh5 Bxf4 38. Bxf4 Qh4 39. Be2 Qf6 40. Be3
Qh4 41. Nc3 Qg3 42. Nf3 Ng4 43. Ng5+ Kg6 44. Bf4 Qxc3 45. Bxg4 e5 46. Bc1 d5
47. Bf5+ Kh5 48. Nf3 1-0

[Event "1. Bl. 0607"]
[Site "?"]
[Date "2007.01.19"]
[Round "5.3"]
[White "Loeffler, Stefan"]
[Black "Lehner, Oliver"]
[Result "1/2-1/2"]
[WhiteElo "2448"]
[BlackElo "2415"]
[PlyCount "80"]
[EventDate "2006.11.03"]
[EventType "team"]
[EventRounds "11"]
[EventCountry "AUT"]
[WhiteTeam "SK Advisory Invest Baden"]
[BlackTeam "SK Sparkasse Jenbach"]

1. Nf3 c5 2. c4 Nc6 3. d4 cxd4 4. Nxd4 Nf6 5. g3 Qb6 6. Nc2 e6 7. Bg2 d6 8. Nc3
Be7 9. O-O O-O 10. e4 Rd8 11. Qe2 Bd7 12. b3 Nd4 13. Nxd4 Qxd4 14. Bb2 Qb6 15.
Kh1 Bc6 16. g4 Re8 17. f4 a5 18. f5 Nd7 19. fxe6 fxe6 20. Nd5 exd5 21. exd5 Bf6
22. Qd2 Bxb2 23. Qxb2 Ba4 24. Rab1 Rf8 25. bxa4 Rxf1+ 26. Bxf1 Qxb2 27. Rxb2
Nc5 28. g5 Kf7 29. Bh3 Re8 30. Be6+ Ke7 31. Rb5 Rf8 32. Rxa5 Rf2 33. Ra8 h6 34.
Rg8 Nxe6 35. dxe6 hxg5 36. Rxg7+ Kxe6 37. Rg6+ Kf5 38. Rxd6 Rxa2 39. Rb6 Rxa4
40. Rxb7 Rxc4 1/2-1/2

[Event "1. Bl. 0607"]
[Site "?"]
[Date "2007.01.19"]
[Round "5.6"]
[White "Kleissl, Helmut"]
[Black "Brandner, Stefan"]
[Result "1-0"]
[WhiteElo "2311"]
[BlackElo "2327"]
[PlyCount "95"]
[EventDate "2006.11.03"]
[EventType "team"]
[EventRounds "11"]
[EventCountry "AUT"]
[WhiteTeam "SK Sparkasse Jenbach"]
[BlackTeam "SK Advisory Invest Baden"]

1. Nf3 Nc6 2. d4 d5 3. e3 Bg4 4. Bb5 e6 5. Bxc6+ bxc6 6. c4 Bb4+ 7. Bd2 Bxf3 8.
gxf3 Rb8 9. Qa4 Bxd2+ 10. Nxd2 Ne7 11. Rb1 O-O 12. Qxa7 Ra8 13. Qc5 Rxa2 14.
Ke2 Re8 15. Rhc1 Qa8 16. Rc3 Ra5 17. Ra3 Rxc5 18. Rxa8 Rxa8 19. dxc5 e5 20.
cxd5 cxd5 21. b4 c6 22. b5 cxb5 23. Rxb5 f6 24. Rb7 Kf7 25. Kd3 Ke6 26. e4 Ra3+
27. Nb3 d4 28. Kc4 Ra2 29. f4 g6 30. fxe5 fxe5 31. f4 Rc2+ 32. Kb4 d3 33. Rb6+
Kf7 34. fxe5 Re2 35. e6+ Kf6 36. Kc3 Rxe4 37. Kxd3 Ke5 38. c6 Rf4 39. c7 Rf8
40. Nd4 Rc8 41. Nb5 g5 42. Kc4 h5 43. Kc5 g4 44. Rb7 h4 45. Nd6 Rg8 46. Rb8 Rg6
47. Nc4+ Ke4 48. Nd2+ 1-0